000 00517nam a2200193Ia 4500
005 20251020182543.0
008 200515s9999 xx 000 0 und d
082 _a747.58/O22
100 _aO´Bannon, George
245 0 _aAlfombras orientales
260 _aMadrid
260 _c1999
300 _a80
500 _a1 ejemplar
520 _aGuía del coleccionista para seleccionar, identificar y disfrutar de las alfombras orientales nuevas y antiguas
650 _aALFOMBRAS
650 _aLIB
942 _cLIB
999 _c2478
_d2478